Normal view
MARC view
Entry Topical Term
001 - CONTROL NUMBER
- control field: 28165
003 - CONTROL NUMBER IDENTIFIER
- control field: OSt
005 - DATE AND TIME OF LATEST TRANSACTION
- control field: 20230719165040.0
008 - FIXED-LENGTH DATA ELEMENTS
- fixed length control field: 230719|| aca||aabn | a|a d
040 ## - CATALOGING SOURCE
- Original cataloging agency: OSt
- Transcribing agency: OSt
150 ## - HEADING--TOPICAL TERM
- Topical term or geographic name entry element: ပုတ်ႉထၽႃႇသႃႇ - ထမ်းဝႆႈၽြႃး
670 ## - SOURCE DATA FOUND
- Source citation: Work cat.: (OSt): ဝႃႇယႃႇမ၊ ၸဝ်ႈသြႃႇ။ 28164, ပပ်ႉၵႅမ်မိုဝ်းၵူၼ်းထဝ်ႈ /, 2017 ။